Normal view
MARC view
- 220-1644
Entry Chronological Term
001 - CONTROL NUMBER
- control field: 14225
003 - CONTROL NUMBER IDENTIFIER
- control field: NUST
005 - DATE AND TIME OF LATEST TRANSACTION
- control field: 20190427093642.0
008 - FIXED-LENGTH DATA ELEMENTS
- fixed length control field: 190427|| aca||aabn | a|a d
040 ## - CATALOGING SOURCE
- Original cataloging agency: NUST
- Transcribing agency: NUST
148 ## - HEADING--CHRONOLOGICAL TERM
- Chronological term: 220-1644
670 ## - SOURCE DATA FOUND
- Source citation: Work cat.: (NUST)0: Luo, Guanzhong, approximately 1330-approximately 1400, author. 14224, The romance of the three kingdoms /
